00806nam a2200193 a 450000100100000000500170001000800410002704000250006808200150009310000250010824501080013326000370024130000270027870000320030570000310033795201130036895201140048199900170059500001226420200929162753.0091110s2007 dr a 000 0 spa d aDO-SdBNPbspacBNPHU axxxxbxxxx1 aMorel, Rafael92890913aEl gran dilema de la princesa Helena /cRafael Morel, José Rafael Reyes; ilustración Esther Merino. aSanto Domingo :b[s. n.],c2007. a10 p. :bil. ;c22 cm.1 aReyes, José Rafael9289101 aMerino, Esthereil.928911 0010718PDaPDbPDcCTd2009-11-10iLF1l0oxxxx xxxxp12264-10r2020-06-25w2020-06-25yLFPDZNo se presta 00107-18PDaPDbPDcOId2009-11-10iLF1l0oxxxx xxxxp12265-10r2020-06-25w2020-06-25yLFPDZNo se presta c11922d11922